zpět

Detail výsledku týmu

Skipi Restaurace, Letohrad

Datum a čas kvízu

25.5 Celkem bodů Celkový počet nahraných bodů na tomto kvízu bez doplňovacích otázek.
6. Pořadí na kvízu Konečné umístění týmu na tomto kvízu.

Zaznamenané odpovědi

# Otázka Odpověď Body Výsledky
1. V noci na pátek se v pražské z... gorila 0
2. Překvapení minulý týden neskrý... policie 1
3. Ve zprávách se minulý týden ob... Čečensko 1
4. Patříte-li mezi zákazníky inte... fialová 0
5. V prvním přípravném zápase pře... Německo, David Tomášek 0
6. V pěti otázkách tohoto tématu... fyziologický roztok 0
7. Jaká je denní dávka kuchyňské... B 1
8. Po kterém vzácném minerálu se... po diamantu 0
9. Jak zní obchodní název takzvan... Praganda 0
10. Chcete-li si užít blahodárného... D) Bad Ischl 0